000 00365nam a2200157Ia 4500
008 210210b1909 xxu||||| |||| 00| 0 eng d
041 _aeng
082 _a822/49
100 _aAUSTIN (A)
245 _aVeronicas garden
260 _aLondon
_bMacmillan & Co. Ltd.
_c1909
650 _aVeronicas
650 _agarden
690 _aEnglish Prose
906 _a012235
999 _c131018
_d131018